Catálogo público

Interacción de dos enemigos naturales Chrysoperla carnea ( Neuroptera: Chrysopidae) y Aenasius arizonensis ( Hymenoptera: Encyrtidade ) y su control sobre piojo harinoso / (Record no. 220113)

MARC details
000 -CABECERA
campo de control de longitud fija 04143nam a22003257a 4500
003 - IDENTIFICADOR DEL NÚMERO DE CONTROL
campo de control OSt
005 - FECHA Y HORA DE LA ÚLTIMA TRANSACCIÓN
campo de control 20240829141247.0
007 - CAMPO FIJO DE DESCRIPCIÓN FÍSICA--INFORMACIÓN GENERAL
campo de control de longitud fija cr ||||||a|c|a
008 - DATOS DE LONGITUD FIJA--INFORMACIÓN GENERAL
campo de control de longitud fija 240827s2022 mx ad||fom||| 001 0 spa d
040 ## - FUENTE DE LA CATALOGACIÓN
Normas de descripción rda
100 1# - ENTRADA PRINCIPAL--NOMBRE DE PERSONA
Nombre de persona Chavarin Camacho, Claudia Yaritna
9 (RLIN) 189487
245 1# - MENCIÓN DE TÍTULO
Título Interacción de dos enemigos naturales Chrysoperla carnea ( Neuroptera: Chrysopidae) y Aenasius arizonensis ( Hymenoptera: Encyrtidade ) y su control sobre piojo harinoso /
Mención de responsabilidad, etc. por Claudia Yaritna chavarín Camacho; presidente Gerardo Arias Robledo; secretario Manuel Alejandro Tejeda Reyes; vocal Luis Emilio Castillo Márquez; Oscar morales Galván; suplente Calixto Leopoldo Carrillo Fonseca
264 #1 - PRODUCCIÓN, PUBLICACIÓN, DISTRIBUCIÓN, FABRICACIÓN Y COPYRIGHT
Producción, publicación, distribución, fabricación y copyright Chapingo, México :
Nombre del de productor, editor, distribuidor, fabricante El autor,
Fecha de producción, publicación, distribución, fabricación o copyright 2022.
300 ## - DESCRIPCIÓN FÍSICA
Extensión 1 recurso en línea (60 páginas):
Otras características físicas Ilustraciones, cuadros, gráficas
336 ## - TIPO DE CONTENIDO
Fuente rdacontent
Término de tipo de contenido texto
Código de tipo de contenido txt
337 ## - TIPO DE MEDIO
Fuente rdamedia
Nombre/término del tipo de medio computadora
Código del tipo de medio c
338 ## - TIPO DE SOPORTE
Fuente rdacarrier
Nombre/término del tipo de soporte recurso en línea
Código del tipo de soporte cr
502 ## - NOTA DE TESIS
Tipo de título Ingeniero Agrónomo Especialista en Parasitología Agrícola
Nombre de la institución que otorga el título Departamento de Enseñanza, Investigación y Servicio en Parasitología Agrícola,
Año de obtención del título 2022
Información miscelánea Licenciatura
504 ## - NOTA DE BIBLIOGRAFÍA, ETC.
Nota de bibliografía, etc. Incluye referencias bibliográficas: páginas 7-14
520 ## - SUMARIO, ETC.
Sumario, etc. La depredación intragremial ocurre cuando dos enemigos naturales compiten entre sí por la misma presa. La depredación intragremial puede afectar la capacidad de ambos agentes de control para coexistir, este efecto puede ser positivo, negativo o sinérgico. El objetivo del presente trabajo fue evaluar la compatibilidad del depredador Chrysoperla carnea (Stephens) (Neuroptera: Chrysopidae) y el parasitoide Aenasius arizonensis (Girault) (Hymenoptera: Encyrtidae) en conjunto para el manejo integrado de Phenacoccus solani Ferris (Hemiptera: Pseudococcidae). Para analizar estas relaciones, se llevaron a cabo tres tipos de bioensayos en condiciones de laboratorio: I) Una prueba de elección con cada enemigo natural, con 10 repeticiones experimentales cada una y dos repeticiones en el tiempo, donde se colocaron 10 individuos de cada estadio de desarrollo de P. solani y se expusieron durante 24 h a un enemigo natural y se contabilizó el número y el estadio de piojos consumidos o el número de momias formadas de P. solani según correspondiera; II) Una prueba de interacción intragremial entre C. carnea y A. arizonensis, se llevaron a cabo 3 repeticiones en el tiempo con 4 repeticiones experimentales de los 5 tratamientos de pruebas de elección: control absoluto, parasitoide, depredador (L2), depredador (L3), parasitoide + L2, parasitoide + L3; cada enemigo natural interactuó 24 h con 10 individuos de cada estadio de P. solani y al finalizar el tiempo, se contabilizó el número y estadio de piojo consumido, posteriormente se separaron por estadio ninfal los piojos sobrevivientes y se contabilizó el número de pupas formadas en cada tratamiento; III) Y una prueba de riesgo de depredación de C. carnea sobre larvas de A. arizonensis, que constaron de experimentos de elección con piojos harinosos parasitados y sanos de 1 y 4 días de parasitadas por una doble pareja de A. arizonensis, con 2 repeticiones en el tiempo, donde se contabilizó el número de piojos consumidos por C. carnea y posteriormente se contaron el número de pupas formadas en cada tratamiento. Como resultados se encontró que el depredador C. carnea y el parasitoide A. arizonensis no son compatibles al utilizarse simultáneamente ya que existe riesgo de depredación intragremial, sin embargo, existe la posibilidad de utilizar ambos enemigos naturales en el manejo integrado de Phenacoccus solani al liberarlos de manera estratégica según el ciclo de vida del piojo harinoso.
650 #7 - PUNTO DE ACCESO ADICIONAL DE MATERIA--TÉRMINO DE MATERIA
Término de materia o nombre geográfico como elemento de entrada Control biológico de plagas
9 (RLIN) 27587
650 #4 - PUNTO DE ACCESO ADICIONAL DE MATERIA--TÉRMINO DE MATERIA
Término de materia o nombre geográfico como elemento de entrada Chile pimiento
Subdivisión general Plagas
-- Control
9 (RLIN) 189488
700 1# - PUNTO DE ACCESO ADICIONAL--NOMBRE DE PERSONA
Nombre de persona Arias Robledo, Gerardo
9 (RLIN) 128931
Término indicativo de función/relación presidente
700 1# - PUNTO DE ACCESO ADICIONAL--NOMBRE DE PERSONA
Nombre de persona Tejeda Reyes, Manuel Alejandro
9 (RLIN) 112025
Término indicativo de función/relación secretario
700 1# - PUNTO DE ACCESO ADICIONAL--NOMBRE DE PERSONA
Nombre de persona Castillo Márquez, Luis Emilio
9 (RLIN) 20176
Término indicativo de función/relación vocal
700 1# - PUNTO DE ACCESO ADICIONAL--NOMBRE DE PERSONA
Nombre de persona Morales Galván, Oscar
9 (RLIN) 78271
Término indicativo de función/relación suplente
700 1# - PUNTO DE ACCESO ADICIONAL--NOMBRE DE PERSONA
Nombre de persona Carrillo Fonseca, Calixto Leopoldo
9 (RLIN) 19482
Término indicativo de función/relación suplente
856 ## - LOCALIZACIÓN Y ACCESO ELECTRÓNICOS
Identificador Uniforme del Recurso http://10.13.5.2/tesis/tl/1610426-9_Chavarin-Camacho_Claudia-Yaritna.pdf
Nota pública DESCARGAR PDF
942 ## - ELEMENTOS DE PUNTO DE ACCESO ADICIONAL (KOHA)
Fuente del sistema de clasificación o colocación Clasificación Universidad Autónoma Chapingo
Tipo de ítem Koha Tesis digital
Holdings
Estado de retiro Estado de pérdida Fuente del sistema de clasificación o colocación Estado dañado Restricciones de uso No para préstamo Código de colección Localización permanente Ubicación/localización actual Ubicación en estantería Fecha de adquisición Total de préstamos Signatura topográfica completa Fecha visto por última vez Precio válido a partir de Tipo de ítem Koha
    Clasificación Universidad Autónoma de Chapingo   Préstamo interno   Tesis digitales de Licenciatura Biblioteca Digital Biblioteca Digital En línea 27/08/2024   Tesis digital 27/08/2024 27/08/2024 Tesis digital